Every town in Sweden: Norrbotten - Statistics

General Stats
  • This quiz has been taken 3 times
  • The average score is 9 of 30
Answer Stats
Municipality Letter Population City/Town % Correct
Boden B 21,520 Boden
100%
Haparanda H 7,206 Haparanda
100%
Kiruna K 23,127 Kiruna
100%
Luleå L 68,153 Luleå
100%
Piteå P 35,520 Piteå
100%
Älvsbyn Ä 5,180 Älvsbyn
50%
Arvidsjaur A 4,872 Arvidsjaur
50%
Gällivare G 17,104 Gällivare
50%
Jokkmokk J 3,105 Jokkmokk
50%
Kalix K 9,207 Kalix
50%
Överkalix Ö 1,484 Överkalix
50%
Pajala P 2,070 Pajala
50%
Luleå A 1,031 Antnäs
0%
Arjeplog A 2,184 Arjeplog
0%
Luleå B 4,077 Bergnäset
0%
Piteå B 2,460 Bergsviken
0%
Luleå G 6,136 Gammelstaden
0%
Boden H 1,723 Heden
0%
Piteå H 1,510 Hortlax
0%
Gällivare K 1,003 Koskullskulle
0%
Gällivare M 1,060 Malmberget
0%
Piteå N 1,457 Norrfjärden
0%
Kalix N 1,060 Nyborg
0%
Luleå R 2,105 Råneå
0%
Piteå R 1,403 Roknäs
0%
Kalix R 1,326 Rolfs
0%
Piteå R 1,813 Rosvik
0%
Boden S 3,375 Sävast
0%
Luleå S-S 3,210 Södra Sunderbyn
0%
Kalix T 1,215 Töre
0%
No matching quizzes found
Score Distribution
Percent of People with Each Score
Percentile by Number Answered
Your Score History
You have not taken this quiz